Personnalités dont le nom commence par la lettre P (par images) - Statistiques

Statistiques générales
  • Ce quiz a été pris 605 fois
    516 depuis la dernière actualisation
  • Le résultat moyen est 15 sur 21
Statistiques - réponses
Par images Réponse % Correct
Vladimir Poutine
99%
Brad Pitt
94%
Édith Piaf
90%
Thomas Pesquet
90%
Vanessa Paradis
90%
Florent Pagny
87%
Jean-Pierre Pernaut
85%
Tony Parker
85%
Elvis Presley
82%
Pelé
82%
Katty Perry
78%
Michel Polnareff
78%
Georges Pompidou
75%
Michel Platini
66%
Prince
65%
Pablo Picasso
62%
Natalie Portman
56%
Chris Pratt
48%
Joaquin Phoenix
48%
Al Pacino
33%
Raymond Poulidor
21%
Aucun quiz correspondant
Distribution des résultats
% des personnes avec chaque résultat
Percentile par nombre de réponses
Votre historique - résultats
Vous n’avez pas pris ce quiz depuis la dernière actualisation